000 00503nab a2200145Ia 4500
003 ES-SlBCS
005 20210601125513.0
008 140529s1995 xxu||||| |||| 00| 0 eng d
041 _aeng
100 1 _aKlein, Helbert
_9159466
245 0 4 _aThe Great Shift: The Rise of Mexico and the Decline of Peru in the Spanish American Colonial Empire, 1680-1908
_c Helbert Klein
651 4 _aMéxico
_985825
773 0 _tRevista de Historia Economica
_gvol. 13, nº. 1, 1995, págs. 35-61
_wRev701
942 _cAR
999 _c531384
_d531384